Código Aeronáutico: edición oficial, aprobada por Decreto N§ 1067, de 27 de noviembre de 2001, del Ministerio de Justicia
Kaydedildi:
| Materyal Türü: | Kitap |
|---|---|
| Dil: | İspanyolca |
| Baskı/Yayın Bilgisi: |
Santiago
Jurídica de Chile
2006
|
| Edisyon: | 4a. ed |
| Konular: | |
| Etiketler: |
Etiketle
Etiket eklenmemiş, İlk siz ekleyin!
|
MARC
| LEADER | 00000nam a2200000 a 4500 | ||
|---|---|---|---|
| 001 | UCI9999 | ||
| 003 | CL-VaPUC | ||
| 008 | 090108e20060000CL |||||||||||||||||spa|d | ||
| 020 | |a 9789561017832 | ||
| 082 | 0 | 4 | |a 343.83097 |b COD |2 21 |
| 245 | 1 | 0 | |a Código Aeronáutico: edición oficial, aprobada por Decreto N§ 1067, de 27 de noviembre de 2001, del Ministerio de Justicia |
| 250 | |a 4a. ed | ||
| 300 | |a 260 p | ||
| 942 | |c BK | ||
| 945 | |d 20090108 00:00:00 |a rbrito | ||
| 260 | |a Santiago |b Jurídica de Chile |c 2006 | ||
| 650 | 0 | |a Derecho aéreo |9 260765 | |
| 650 | 7 | |a CODIGO AERONAUTICO |2 CL-VaPUC |9 351696 | |
| 650 | 7 | |a RESPONSABILIDAD AEREA |2 CL-VaPUC |9 382145 | |
| 651 | 7 | |a CHILE |2 CL-VaPUC |9 534071 | |
| 583 | |a last modification |c 20161003 12:19:05 |k Rodrigo Vera | ||
| 999 | |c 332422 |d 332420 | ||
| 952 | |0 0 |1 0 |4 0 |6 343_830970000000000_COD_2006 |7 0 |8 R |9 420106 |a BIBDER |b BIBDER |d 2019-11-22 |i 4508807 |o 343.83097 COD 2006 |p 4508807 |r 2023-01-25 |w 2019-11-22 |y BK_R |k DER | ||